000
00315nam a2200133Ia 4500
008
191201s2005 xx 000 0 und d
100
_a
MINOLI, Daniel
245
0
_a
Internet and Interanet Engineering
250
_a
6th
260
_a
N.Delhi
_b
TMH
_c
2005
300
_a
424
650
_a
B.Tech(CSE)
942
_2
ddc
_c
BK
999
_c
1642
_d
1642